| 000 | 00872cab a2200337 4500 | ||
|---|---|---|---|
| 001 | X1448 | ||
| 008 | 090401t1994 xxu||||| |||| 00| 0 eng d | ||
| 035 | _a(Sirsi) u17174 | ||
| 041 | _aeng | ||
| 245 | _aMembers` affairs: minerals | ||
| 260 | _c1994 | ||
| 350 | _a0 | ||
| 490 |
_aCSM (Chartered Surveyor Monthly) _v3(7) April 1994, 51(1) |
||
| 650 | _aASTHMA | ||
| 650 | _aBLB MINING | ||
| 650 | _aBRANCH OFFICERS CONFERENCE | ||
| 650 | _aCOAL BILL | ||
| 650 | _aHJ BANKS | ||
| 650 | _aISM CONFERENCE | ||
| 650 | _aLANDSCAPE | ||
| 650 | _aLEEDS CC | ||
| 650 | _aMEMBERS AFFAIRS | ||
| 650 | _aMINERALS | ||
| 650 | _aOPENCAST MINING | ||
| 650 | _aRESTORATION | ||
| 650 | _aROAD SCHEMES | ||
| 650 | _aPROPERTY-INFRASTRUCTURE-TRANSPORT INFRASTRUCTURE-ROAD INFRASTRUCTURE | ||
| 690 | _aPROFESSIONAL PRACTICE | ||
| 942 | _n0 | ||
| 948 | _c04/03/1997 | ||
| 999 |
_c11389 _d11389 |
||